=LDR 00000nam 2200000 4500 =001 INLIS000000000000547 =005 20200924092733 =035 ##$$a 0010-061300000000547 =008 200924################g##########0#ind## =041 ##$$a Ind =082 ##$$a 301 =090 ##$$a 301 Sar s =100 1#$$a Sarwono, Solita =245 1#$$a Sosiologi kesehatan, beberapa konsep beserta aplikasinya. /$c Solita Sarwono =260 ##$$a Yogyakarta :$b Gajah Mada University Press,$c 1993 =300 ##$$a viii, 101 hlm, : $b ilus ; $c 14 x 21 cm =650 #4$$a Sosiologi =850 ##$$a NBPNMAT =020 ##$$a 979-420-258-4 =084 ##$$a 301 SAR s =250 ##$$a cet. 1 =990 ##$$a DW99000754 =990 ##$$a DW99000755 =990 ##$$a 20600313 =990 ##$$a 137.112/Pb.98 =990 ##$$a 00085522 =990 ##$$a 00092123 =990 ##$$a 54.469 pro.93 =990 ##$$a 51900016 =990 ##$$a DW99008143 =990 ##$$a 54.471/pro.95 =990 ##$$a 152.273/pb-2000 =990 ##$$a DW99000754 =990 ##$$a DW99000755 =990 ##$$a 20600313 =990 ##$$a 137.112/Pb.98 =990 ##$$a 00092123 =990 ##$$a 54.469 pro.93 =990 ##$$a 51900016 =990 ##$$a DW99008143 =990 ##$$a 54.471/pro.95 =990 ##$$a 07980798 =990 ##$$a 00086171 =990 ##$$a DW99000754 =990 ##$$a DW99000755 =990 ##$$a 20600313 =990 ##$$a 137.112/Pb.98 =990 ##$$a 152.273/pb-2000 =990 ##$$a 00092123 =990 ##$$a 54.469 pro.93 =990 ##$$a 51900016 =990 ##$$a DW99008143 =990 ##$$a 54.471/pro.95